000 00850cam a2200253 a 4500
001 15700838
005 20180302071016.0
008 090415s2010 nyua b 001 0 eng
010 _a 2009015281
020 _a9780205667277
020 _a0205667279
035 _a(OCoLC)ocn318672878
040 _aDLC
_cDLC
_dYDXCP
_dC#P
_dDLC
041 _aeng
080 _a808.066
082 0 0 _a808.066 PECH
_222
100 1 _a11
101 _aBIO
245 1 2 _aA short guide to writing about biology /
_cJan A. Pechenik.
504 _aIncludes bibliographical references (p. 279-280) and index.
906 _a7
_bcbc
_corignew
_d1
_eecip
_f20
_gy-gencatlg
942 _2ddc
_cBK
999 _c44031
_d44031